| 000 | 01626nam a2200325 i 4500 | ||
|---|---|---|---|
| 001 | 768714001 | ||
| 003 | CO-MdFUSB | ||
| 005 | 20220322102005.0 | ||
| 007 | ta | ||
| 008 | 200724t ec |||| |||| 00| 0 spa d | ||
| 020 | _a[No incluye ISBN] | ||
| 040 |
_aCO-MdFUSB _bspa _cCO-MdFUSB _dCO-MdFUSBC _erda |
||
| 041 | _aspa | ||
| 082 |
_223 _a264.2 _bAL316 |
||
| 110 | _a El departamento de músico de HCJB | ||
| 245 | 1 |
_a¡Alabemos con júbilo! _b: Cantos para hoy _c/ El departamento de músico de HCJB |
|
| 264 | 1 |
_aQuito, Ecuador : _bProducciones Asoma, _c[1988] |
|
| 264 | 4 | _c©1988 | |
| 300 |
_c115 páginas ; _a22 cm |
||
| 336 |
_2rdacontent _atexto _btxt |
||
| 337 |
_2rdamedia _asin mediación _bn |
||
| 338 |
_2rdacarrier _avolumen _bnc |
||
| 505 | _aAlabaré a mi Señor -- Aleluya -- Al Rey de los siglos -- Alzaré mis ojos a los montes --- Amarte sólo a ti, Señor -- Amémonos -- Ay, Ay, Ay, Ay -- Bendeciré a Jehová -- Bendito sea Jehová la Roca -- Buscad primero el Reino de Dios -- Cada día me siento más alegre -- Cantad a Dios -- Cantad al Señor -- Cantando siempre en mi corazón -- Cerca de Ti, Señor -- Clamaremos al Señor -- Como el agua cubre la mar -- Con mis labios -- Cristo en mí -- Cristo, nombre glorioso -- Cuando Cristo vino a mi corazón -- Cuando el pueblo alaba a Dios -- ¿Cuántas veces? -- Desde el pronto amanecer -- Dios está aquí -- Dios está formando un pueblo -- Dios mi vida cambió -- y entre otros cantos. | ||
| 563 | _aRústico | ||
| 650 | 7 |
_9206 _aLiturgia |
|
| 650 | 0 |
_91066 _aAdoración |
|
| 653 | _aMúsica cristiana. | ||
| 942 | _cBK | ||
| 945 | _aDani | ||
| 999 |
_c66558 _d66558 |
||